OUTBOARD MOTOR SERVICE MANUAL COVERING ALL LEADING MAKES AND MODELS (Record no. 583484)

000 -LEADER
fixed length control field 00291nam a22001097a 4500
082 ## - DEWEY DECIMAL CLASSIFICATION NUMBER
Classification number 629.287 EWI'O
100 ## - MAIN ENTRY--PERSONAL NAME
Personal name EWING, CHARLES G
9 (RLIN) 78346
245 ## - TITLE STATEMENT
Title OUTBOARD MOTOR SERVICE MANUAL COVERING ALL LEADING MAKES AND MODELS
260 ## - PUBLICATION, DISTRIBUTION, ETC.
Place of publication, distribution, etc. KANSAS
Name of publisher, distributor, etc. TECHNICAL
Date of publication, distribution, etc. 1962
300 ## - PHYSICAL DESCRIPTION
Extent 255P
942 ## - ADDED ENTRY ELEMENTS (KOHA)
Koha item type Book
Holdings
Withdrawn status Lost status Damaged status Not for loan Permanent Location Current Location Shelving location Date acquired Total Checkouts Full call number Barcode Date last seen Price effective from Koha item type
        College of Electrical & Mechanical Engineering (CEME) College of Electrical & Mechanical Engineering (CEME) General Stacks 06/15/2017   629.287 EWI'O CEME-8297 06/28/2021 06/28/2021 Book
© 2023 Central Library, National University of Sciences and Technology. All Rights Reserved.